00256nam a2200109 a 4500008004100000100003300041245001700074260002900091020000700120041000800127044001100135101210s1949|||| d1 aIsačenko, A.-Petrov, S. M.10aA.S.Puškin bTatranaBratislavac1949 c40 aslo axocSK